LEADER 01035nam a2200229 i 4500 001 000000048967 003 CaOOAMICUS 005 20260115075442.0 008 121105s1889 xx u000 u mul u 040 $aSeMil$bita 100 1 $aRiva, Giuseppe$b.$0(OLS)http://semarc/name/89791 245 10$aManuale di Filotea /$cdel sacerdote milanese Giuseppe Riva. 250 $aNuova ed. accuratamente riveduta ed aumentata. 260 $aMilano ; Buenos Aires :$bAngelo Bietti,$c1889$e(Milano :$fTip. Marcolli e Turati) 300 $a1045 p., [2] c. di tav. :$bill. ;$c16 cm. 650 4$aCristianesimo - Libri di preghiere e devozione italiani.$0(OLS)http://semarc/subject/1222 850 $aSeMil 852 $aSeMil$W1$xVenegono$y1$m2C II 29 FA$j15122$B15122$CSeMilBibl$Z2$F15122 $8I 961 $aLascito: Colombo don Umberto 996 $6245$aManuale di Filotea$9(OLS)http://semarc/title/63029 996 $6260$aMilano ; Buenos Aires :$bAngelo Bietti$9(OLS)http://semarc/publisher/41075